Responses for show #3153 - Wednesday, April 22, 1998

Contestants

[<< previous game]

Michelle Ryan, a lawyer from Mississauga, Ontario, Canada

Doug Rumbaugh, an editor from Westlake Village, California

Nina Mulligan, a homemaker from Belchertown, Massachusetts (whose 1-day cash winnings total $11,100)

[next game >>]

Jeopardy! Round responses

COUGH, COUGH
MMMMMM
"I", "AY", "EYE"
BRONX CHEER
(Alex: Which I will forgo!)
WOLF WHISTLE
(Alex: I will also forgo doing that!)
FORTS
(Alex: I don't know how that category got in there!)
    $100 24
Whooping cough

Michelle
    $100 19
Philadelphia

Doug
    $100 2
Iberian

Michelle
    $100 12
Yankee Stadium

Michelle
    $100 1
George Clooney

Doug
    $100 11
Fort Knox

Nina
    $200 25
Smith (Smith Brothers)

Nina
    $200 20
Fritos

Triple Stumper
    $200 3
"Ay Caramba!"

Nina
    $200 14
Edgar Allan Poe

Nina
    $200 4
Dean Cain

Doug
    $200 13
(D: What is Vincennes?)

Fort Wayne

Doug
Triple Stumper
    $300 26
(we have less than a minute to go...)

Hack

Nina
    $300 21
Wally "Famous" Amos

Nina
    $300 5
James Ivory

Nina
    $300 15
Bronx Zoo

Doug
    $300 6
The Practice

Nina
    $300 18
Fort Pitt

Triple Stumper
    $1,000 27
Hernia

Nina
    $400 22
Hershey's

Nina
    $400 9
Eyeball to eyeball

Nina
    $400 16
(M: Who is Irving Berlin?)

George M. Cohan

NinaMichelle
    $400 7
Neve Campbell

Michelle
    $400 29
Fort Bragg

Nina
    $500 28
Codeine

Triple Stumper
    $500 23
(N: What is Cheez Whiz?)

Reddi-wip

Nina
Triple Stumper
    $500 10
Ayatollah

Doug
    $500 17
Rikers Island

Doug
    $500 8
Antonio Banderas

Michelle
    $500 30
(N: Who was Lee?)

George Washington

Nina
Triple Stumper

Scores at the first commercial break (after clue 15):

Nina Doug Michelle
$1,500 $900 $1,100

Scores at the end of the Jeopardy! Round:

Nina Doug Michelle
$3,500 $1,500 $800

Double Jeopardy! Round responses

GUYS WHO FOUND THINGS
PHONY EXPRESS
GEE, YOUR HOUSE SMELLS NICE
CONTEMPORARIES
UNSEEN TITLE CHARACTERS
TAKE "TEN"
    $200 16
Sir Francis Drake

Michelle
    $200 26
Confidence man

Michelle
    $200 21
Candles

Michelle
    $200 11
Joan of Arc

Doug
    $200 1
Bobby Fischer

Nina
    $200 6
Toni Tennille

Michelle
    $400 17
Richard Byrd

Doug
    $400 27
fool's gold (iron pyrite)

Nina
    $400 22
Potpourri

Michelle
    $400 12
Catherine the Great

Doug
    $400 2
Waiting for Guffman

Nina
    $400 7
Tennis elbow/tendonitis

Nina
    $600 18
Sir Richard Burton

Michelle
    $600 28
Abscam

Doug
    $600 23
(and we have a minute to go...)

Glade

Nina
    $600 13
Montezuma

Nina
    $600 3
Harvey

Nina
    $1,500 8
(N: What is "The Pretender?")

"Tender is the Night"

Nina
    $800 19
Marquette

Michelle
    $800 29
Clifford Irving

Nina
    $800 24
(N: What is a cachet?)

Sachet

NinaMichelle
    $800 14
St. Stephen

Triple Stumper
    $800 4
Jimmy Dean

Doug
    $800 9
Tenzing Norgay

Triple Stumper
    $1000 20
John Cabot

Michelle
    $1000 30
(D: What is Der Speigel?)

Stern

NinaDoug
    $1000 25
Pomander

Triple Stumper
    $1,000 15
Allan Pinkerton

Nina
    $1000 5
(M: Who is Mrs. de Winter?)

Rebecca

Michelle
    $1000 10
Tenerife

Doug

Scores at the end of the Double Jeopardy! Round:

Nina Doug Michelle
$7,200 $3,900 $6,200

[wagering suggestions for these scores]

Final Jeopardy! Round responses

PSYCHOLOGY
DougWhat is Sybil?
$3,900
MichelleWhat is Sybil?
$6,200
NinaWhat is Sybil?
$5,201
Sybil

Final scores:

Nina Doug Michelle
$12,401 $7,800 $12,400
2-day champion: $23,501 3rd place: Warner Brothers Assorted CDs 2nd place: Trip to Beaches Resort, Jamaica

Game dynamics:

Coryat scores:

Nina Doug Michelle
$8,100 $3,900 $6,200
23 R
(including 2 DDs),
4 W
(including 1 DD)
12 R,
2 W
15 R,
1 W

Combined Coryat: $18,200

The J! Archive is created by fans, for fans. The Jeopardy! game show and all elements thereof, including but not limited to copyright and trademark thereto, are the property of Jeopardy Productions, Inc. and are protected under law. This website is not affiliated with, sponsored by, or operated by Jeopardy Productions, Inc. Join the discussion at JBoard.tv.